| 000 | 00502nam a2200145 a 4500 | ||
|---|---|---|---|
| 001 | 000036030 | ||
| 005 | 20200930074820.0 | ||
| 008 | 111123s2007 dr ac 000 0 spa d | ||
| 040 |
_aDO-SdBNP _bspa _cBNPHU |
||
| 082 |
_axxxx _bC288 |
||
| 245 | 0 | 0 |
_aCarnaval Dominicano expo foto 2007. / _cTony Gutiérrez coordinador concurso fotografía de carnaval. |
| 260 |
_aSanto Domingo : _bSecretaría de Estado de Cultura, _c2007. |
||
| 300 |
_a28 p. : _bils. ; _c20 cm. |
||
| 700 | 1 |
_aGutiérrez, Tony, _ecood. _925185 |
|
| 999 |
_c35521 _d35521 |
||